|
|
|
|
| LEADER |
01661nam a2200337 a 4500 |
| 001 |
4050184 |
| 008 |
130527s1998 enkb b 101 0 eng d |
| 010 |
|
|
|a 99163030
|
| 020 |
|
|
|a 0415182778 (hbk.)
|
| 020 |
|
|
|a 0415182786 (pbk.)
|
| 040 |
|
|
|a Uk
|c Uk
|d IDeKN
|d DLC
|d BD-DhAAL
|
| 082 |
0 |
0 |
|a 307.1/4
|2 21
|
| 245 |
0 |
0 |
|a Anthropological perspectives on local development :
|b knowledge and sentiments in conflict /
|c edited by Simone Abram and Jacqueline Waldren.
|
| 260 |
|
|
|a London ;
|a New York :
|b Routledge,
|c 1998.
|
| 300 |
|
|
|a x, 166 p. :
|b map ;
|c 23 cm.
|
| 490 |
1 |
|
|a European Association of Social Anthropologists
|
| 500 |
|
|
|a Conference papers presented in a workshop at the 1996 EASA Conference in Barcelona.
|
| 504 |
|
|
|a Includes bibliographical references and index.
|
| 541 |
|
|
|a 27068
|
| 650 |
|
0 |
|a Community development
|v Congresses.
|
| 650 |
|
0 |
|a Economic development
|x Social aspects
|v Congresses.
|
| 650 |
|
0 |
|a Land use
|x Social aspects
|z Congresses.
|
| 650 |
|
0 |
|a Social change
|v Congresses.
|
| 650 |
|
0 |
|a Culture conflict
|v Congresses.
|
| 700 |
1 |
|
|a Abram, Simone.
|
| 700 |
1 |
|
|a Waldren, Jacqueline,
|d 1937-
|
| 710 |
2 |
|
|a European Association of Social Anthropologists.
|
| 852 |
1 |
|
|a Ayesha Abed Library
|c General shelf.
|
| 999 |
|
|
|c 13533
|d 13533
|
| 952 |
|
|
|0 0
|1 0
|4 0
|6 307_140000000000000_ANT
|7 0
|9 22598
|a BRACUL
|b BRACUL
|c GEN
|d 2012-06-01
|e Karim International
|g 3600.00
|l 2
|m 30
|o 307.14 ANT
|p 3010027068
|r 2018-12-05
|s 2018-05-10
|t 1
|w 2012-06-01
|y BK
|
| 952 |
|
|
|0 0
|1 0
|4 0
|6 307_140000000000000_ANT
|7 0
|9 22599
|a BRACUL
|b BRACUL
|c GEN
|d 2012-06-01
|e Karim International
|g 3600.00
|l 1
|o 307.14 ANT
|p 3010027069
|r 2025-10-14
|s 2025-10-07
|t 2
|w 2012-06-01
|y BK
|x Koha Inventory 2020
|